Countries Closest to Estonia A-Z - Statistics

General Stats
  • This quiz has been taken 38 times
  • The average score is 22 of 24
Answer Stats
Country % Correct
F Finland
100%
L Latvia
100%
R Russia
100%
D Denmark
97%
G Germany
97%
P Poland
97%
Y Yemen
97%
B Belarus
94%
N Norway
94%
O Oman
94%
Q Qatar
92%
S Sweden
92%
U Ukraine
92%
Z Zambia
92%
A Austria
89%
C Czechia
89%
H Hungary
89%
M Moldova
86%
J Jordan
83%
V Vatican City
83%
I Italy
81%
K Kosovo
81%
T Turkey
81%
E Egypt
69%
No matching quizzes found
Score Distribution
Percent of People with Each Score
Percentile by Number Answered
Your Score History
You have not taken this quiz